[Event "Moravia-ch3 corr9496"]
[Site "Czech Republic"]
[Date "1994.??.??"]
[Round "?"]
[White "Prepiora, Vaclav"]
[Black "Halouzka, Jiri"]
[Result "1-0"]
[WhiteElo "1960"]
[BlackElo "2155"]
[PlyCount "59"]
[EventDate "1994.??.??"]
[EventType "tourn (corr)"]
[EventRounds "12"]
[EventCountry "CZE"]
[SourceTitle "Corr 2002"]
[Source "ChessBase"]
[SourceDate "2002.05.23"]
[SourceVersion "1"]
[SourceVersionDate "2002.05.23"]
[SourceQuality "1"]

1. e4 e6 2. d4 d5 3. Nc3 Bb4 4. e5 c5 5. a3 Bxc3+ 6. bxc3 Qc7 7. Qg4 f5 8. Qg3 Nc6 9. Nf3 Nge7 10. Qxg7 Rg8 11. Qxh7 cxd4 12. Bb5 Bd7 13. Bg5 Rxg5 14. Nxg5 Qxe5+ 15. Kf1 Qf6 16. Qh5+ Kd8 17. Nh7 Qg7 18. Bxc6 bxc6 19. cxd4 Kc7 20. Ng5 Qxd4 21. Re1 Qf6 22. h4 e5 23. Qf7 Qxf7 24. Nxf7 e4 25. h5 Rf8 26. Ng5 f4 27. h6 Ng6 28. h7 Rf5 29. Rh6 Nh8 30. Ne6+ 1-0